[Event "NED-ch53"]
[Site "Rotterdam"]
[Date "1998.06.21"]
[Round "1"]
[White "Sokolov, Ivan"]
[Black "Van der Wiel, John"]
[Result "1-0"]
[WhiteElo "2625"]
[BlackElo "2525"]
[Annotator "Ribli,Z"]
[PlyCount "67"]
[EventDate "1998.06.21"]
[EventType "tourn"]
[EventRounds "11"]
[EventCountry "NED"]
[EventCategory "12"]
[SourceTitle "CBM 066"]
[Source "ChessBase"]
[SourceDate "1998.09.30"]
[SourceVersion "1"]
[SourceVersionDate "1998.09.30"]
[SourceQuality "1"]

1. d4 {Baburin} d6 2. Nf3 Bg4 {Das ist meines Erachtens eine bescheidene
Varainte für Schwarz. Ribli.} 3. c4 Bxf3 4. exf3 g6 5. Bd3 $5 $146 {Eine
interessante Idee. Gewöhnlicher ist der Aufbau Bf1-e2 / Bc1-e3 / f3-f4 /
Be2-f3.} (5. h4 Bg7 (5... h5 6. Qb3 Qc8 7. g3 Nc6 8. Bh3 f5 9. d5 Nd4 10. Qd1
Bg7 11. O-O c5 12. dxc6 bxc6 13. Nc3 Qa6 14. b3 e5 15. Re1 Kf7 16. Be3 Nh6 {
Ivanov,M-Gudmundsson,E/ISL-chT 1996/1/2-1/2 (41)}) 6. h5 e5 7. d5 Nd7 8. Nc3 f5
9. g4 Qe7 10. gxf5 gxf5 11. Qc2 Qf6 12. Bh3 Ne7 13. Nb5 Kd8 14. Rg1 h6 15. Bd2
a6 16. Nc3 Rf8 17. O-O-O Rf7 18. Rg3 Qh4 19. Rdg1 Bf8 20. Bf1 f4 21. R3g2 Qxh5
22. Ne4 b6 23. Bc3 Kc8 24. Bd3 $44 {Zeit 1-0 Wells,P-Lorenz,G/BL9798
Passau-Chemnitz 1998 (38)}) (5. g3 Bg7 6. Bg2 c6 (6... e6 7. O-O Ne7 8. Nc3 O-O
9. d5 exd5 10. cxd5 Nd7 11. f4 Nb6 12. h4 c6 13. dxc6 bxc6 14. f5 d5 15. fxg6
fxg6 16. h5 {1-0 Pytel,K-Benoit,M/Avoine op 1995 (28)}) 7. d5 cxd5 8. cxd5 Qa5+
9. Nc3 Bxc3+ 10. bxc3 Qxc3+ 11. Bd2 Qe5+ 12. Be3 Qc3+ 13. Bd2 Qe5+ 14. Be3 Qc3+
15. Bd2 {1/2-1/2 Zvjaginsev,V-Timman,J/Wijk op 1995}) 5... Bg7 6. O-O {[%cal
Gg7a1]} Nd7 (6... Bxd4 $2 7. Be4 $18 {[%csl Rd4][%cal Re4a8]}) 7. d5 {[%csl
Gd5] Baburin: The system Black chose in this game is rather risky, as White
might be able to take advantage of the semi-open e-file and possession of the
bishop pair. The text move is a very important part of White's plan, as he
should not allow ...c6 and ...d5, after which his d4-pawn would become weak.
Weiß besitzt das Läuferpaar und entfaltet positionellen Druck in der Mitte.}
Ngf6 (7... Ne5 $6 8. Be2 $14 {[%csl Re5][%cal Rf3f4]}) 8. Nc3 O-O 9. Re1 c6 10.
Bf1 $14 {Weiß hat eine bequeme Position und steht dank des Läuferpaares und
des Raumvorteils etwas besser. Das Hauptproblem des Schwarzen in dieser
Variante ist, daß er trotz seiner festen Stellung stets Schwierigkeiten hat,
aktives Gegenspiel zu organisieren.} (10. f4 Nb6 11. f5 $14) 10... Nc5 11. Be3
(11. b4 $6 {[%cal Gg7a1]} Nfe4 (11... Nxd5 {[%cal Rg7a1]} 12. Nxd5 cxd5 13. Rb1
$14) (11... Ncd7 {[%cal Ga7a5,Gg7a1]}) 12. fxe4 (12. Nxe4 Nxe4 $17 {[%cal
Rg7a1]}) 12... Bxc3 {[%csl Gc3][%cal Rc3e1,Rc3a1]}) 11... Nfd7 12. Qd2 a5 {
Die weiße Drohung war 13.b4, so daß Schwarz seine Springerstellung sichert.}
13. h4 $1 $40 {Baburin: A very good idea. Here White can easily move his
f3-pawn to f5 challenging the g6-pawn, but before doing so he wants to soften
the g6-pawn by advancing his h-pawn to h5. After that the plan with f3-f4-f5
will increase in power. Dieser aggressive Angriffzug ist charakteristisch für
Ivan Sokolov. Weiß führt direkten Angriff am Königsflügel.} Re8 (13... h5 14.
f4 {Weiß droht, f4-f5 mit Unannehmlichkeiten am Königsflügel zu ziehen.}) 14.
h5 a4 {[%csl Ga4,Gc5,Gg7] Schwarz gewinnt Raum am Damenflügel und droht
eventuell ...a4-a3.} (14... gxh5 $6 {Solche Züge sollten für gewöhnlich
vermieden werden.} 15. Rad1 $44 {[%csl Rg8,Rh5,Rh7]}) 15. Rad1 (15. Rac1 $5 {
Baburin}) 15... Qb6 16. hxg6 hxg6 17. f4 Qb4 $13 (17... a3 18. b3 Qb4 19. Bd4 {
Es ist logisch, die schwarzfeldrigen Läufer zu tauschen.} (19. Ne4 Qxd2 20.
Nxd2 $14) 19... Bxd4 20. Qxd4 $14) 18. a3 Qb3 {[%csl Yb3] Schwarz hat am
Damenflügel gute Felder für seine Figuren.} 19. f5 $1 $40 Bxc3 {Schwarz gibt
den Läufer für ein Springerfeld auf.} (19... gxf5 {[%cal Gg3g8]} 20. Bh6 Bf6
21. Re3 $40 {[%csl Rb3,Ge3,Rg8][%cal Ge3b3,Ge3h3]}) 20. bxc3 {Nach diesem
Tausch muß Schwarz stets mit Rb1 rechnen.} Ne4 21. Qd3 gxf5 (21... Ndc5 22.
Bxc5 Nxc5 23. Qg3 {[%csl Rg8]} Kg7 24. Rd4 $40 {[%csl Gd4,Gg3]}) 22. Bd4 {
[%csl Gd4,Rg8][%cal Ge1e3,Ge3g3,Gg3g8]} Ndf6 (22... c5 $6 23. Rxe4 cxd4 24.
Qg3+ Kf8 25. Rh4 $16 {[%csl Rf8][%cal Rh4h8]}) (22... Ne5 23. Qh3 cxd5 24. Qxf5
$40 {[%csl Rg8]}) 23. f3 cxd5 {Dieses Figurenopfer ist praktisch erzwungen.} (
23... Nc5 24. Qxf5 $16 {[%csl Rg8]}) (23... c5 24. Bxf6 Nxf6 25. Rb1 Qxa3 26.
Ra1 Qb3 27. Reb1 $18 {[%csl Rb3]}) (23... Ng3 24. Rb1 Qxa3 25. Ra1 Qb3 26. Reb1
$18) 24. fxe4 $16 e5 25. Rb1 (25. exd5 exd4 26. cxd4 $16 {[%csl Rf5]}) 25...
Qxa3 26. Qg3+ {Der Textzug ist auch stark, aber es wäre einfacher, die Dame zu
gewinnen.} (26. Ra1 $5 Qb2 27. Reb1 $18) 26... Kf8 27. Qh4 {[%csl Rf8,Gh4]
[%cal Rh4f6] Weiß hat eine Figur mehr, das Läuferpaar und starken Angriff.} Ng8
28. Bf2 {[%csl Gf1,Gf2,Gh4]} dxe4 29. Rxb7 {[%csl Gb7,Rf8,Gh4] Materiell steht
Schwarz nicht schlechter, denn er hat drei Bauern für die Figur, aber sein
König befindet sich in großer Not.} Rab8 30. Rd7 f4 {In sehr schwieriger
Stellung versucht der Nachziehende im Trüben zu fischen. Was hat er auch zu
verlieren?} (30... Re7 31. Rxe7 Nxe7 32. Qh8+ Ng8 33. Bh4 {[%cal Rh4f6] Und
nach 34.Bh4-f6 ist Schwarz hilflos.}) 31. Rxe4 Rb1 {[%cal Gb1g1]} 32. Qh7 $18 {
[%csl Rf7,Rf8][%cal Rh7f7,Rd7f7] Die Schlinge um den schwarzen König zieht
sich zu.} Ne7 {Es droht 33.Bxe7 Rxe7 34.Qh8 Matt.} 33. Bh4 Qc5+ 34. Kh2 {
[%csl Rf8] Schwarz mußte aufgeben. Er kann sich nicht verteidigen.} 1-0

[Event "Moscow Veterans"]
[Site "Moscow"]
[Date "1991.??.??"]
[Round "?"]
[White "Knezevic, Milorad"]
[Black "Bagirov, Vladimir"]
[Result "1/2-1/2"]
[WhiteElo "2430"]
[BlackElo "2485"]
[Annotator "Ribli,Z"]
[PlyCount "54"]
[EventDate "1991.06.??"]
[EventType "tourn"]
[EventRounds "9"]
[EventCountry "URS"]
[EventCategory "10"]
[SourceTitle "CBM 025"]
[Source "ChessBase"]
[SourceDate "1991.12.01"]
[SourceVersion "1"]
[SourceVersionDate "1991.12.01"]
[SourceQuality "1"]

1. d4 d6 2. Nf3 Bg4 3. g3 Bxf3 $5 4. exf3 e6 (4... d5 5. f4 e6 6. Bg2 c6 7. O-O
Bd6 8. b3 Ne7 9. c4 Nf5 10. Bb2 Be7 11. Nd2 O-O 12. Nf3 a5 13. Ne5 $14 {
Eingorn,V-Watson,W Reykjavik 1989 CBM/13}) 5. Bg2 $1 (5. f4 c6 (5... g6 6. d5
exd5 7. Qxd5 Nc6 8. Bb5 Qd7 9. O-O Nge7 10. Re1 Bg7 11. Bxc6 bxc6 12. Qe4 Bf6
13. Nc3 O-O $13 {Bonin,J-Miles,A New York op 1989 CBM/12}) 6. Bd3 (6. Bg2 g6 7.
Nd2 Bg7 8. c3 Nd7 9. a4 Ne7 10. O-O O-O 11. Re1 Qc7 12. Nf3 Rac8 13. Bd2 Rfd8
14. Qc2 c5 15. dxc5 Nxc5 $10 {Polugaevsky,L-Miles,A Biel 1990 50/63 CBM/19})
6... g6 7. O-O Bg7 8. c3 Ne7 9. Nd2 Nd7 10. Nf3 O-O 11. Be3 Rc8 12. c4 Nf5 $10
{Polgar,Zsu-Torre,E New York op 1989 CBM/12}) 5... c6 6. O-O g6 7. Nd2 Nd7 8.
Re1 d5 9. f4 Ne7 10. Nf3 Bg7 11. c3 Qc7 12. Ne5 O-O 13. Qe2 Nf5 14. Bd2 Rfe8
15. Bh3 Nf8 16. Qd3 Nd6 17. Bg2 a5 18. h4 f6 19. Ng4 a4 20. Rad1 b5 21. Ne3
Rad8 22. Nc2 Nd7 23. h5 f5 24. Be3 Ne4 25. Bf1 Bf8 26. Kg2 Qb7 27. f3 Nef6
1/2-1/2

[Event "Penta Media GM"]
[Site "Kelamabakkam"]
[Date "2000.08.23"]
[Round "9"]
[White "Prakash, GB."]
[Black "Vladimirov, Yevgeniy"]
[Result "1-0"]
[WhiteElo "2429"]
[BlackElo "2598"]
[Annotator "Ribli,Z"]
[PlyCount "99"]
[EventDate "2000.08.14"]
[EventType "tourn"]
[EventRounds "12"]
[EventCountry "IND"]
[EventCategory "11"]
[SourceTitle "CBM 079"]
[Source "ChessBase"]
[SourceDate "2000.11.21"]
[SourceVersion "1"]
[SourceVersionDate "2000.11.21"]
[SourceQuality "1"]

1. d4 g6 2. Nf3 Bg7 3. c4 d6 4. Nc3 Bg4 5. e3 (5. e4 $2 Nc6 $15 {[%csl Yd4]})
5... e5 (5... c5 $5) 6. Be2 (6. dxe5 dxe5 7. Qxd8+ Kxd8 8. Ng5 Nh6 9. Be2 $14)
6... exd4 (6... Nd7 7. O-O Ne7 8. b3 O-O 9. Ba3 (9. Bb2 c6 10. Ne4 d5 11. cxd5
cxd5 12. Nc3 e4 13. Nd2 Be6 14. Ba3 Re8 15. Nb5 Qa5 16. Bd6 Rac8 17. b4 Qd8 18.
Nxa7 {1-0 Nielsen,U-Hansen,L/DEN-ch qual 1996/CBM 51 ext (45)}) 9... Re8 10.
dxe5 Nxe5 11. Rc1 Nf5 12. Nxe5 Bxe2 13. Qxe2 Bxe5 14. Qf3 c6 15. g3 h5 16. Rfd1
h4 17. g4 Ng7 18. Ne4 {1-0 Matthiesen,A-Hansen,L/Ringsted 1995/EXT 98 (62)}) (
6... Ne7 7. d5 (7. dxe5 dxe5 8. Qxd8+ Kxd8 9. Ng5 Bxe2 10. Kxe2 Ke8 11. Rd1 Na6
12. e4 h6 13. Nf3 Nc5 14. Be3 Ne6 15. Nd5 {1/2-1/2 Wenaas,E-Burnett,R/Montreal
1999/EXT 2000 (67)}) 7... O-O 8. e4 h6 $6 9. h3 Bxf3 10. Bxf3 $14 Nd7 11. h4 a6
12. h5 $1 g5 13. Bg4 {[%csl Rf5]} Nf6 14. Be2 {1-0 Sakaev,K-Popov,V/St
Petersburg 1997/CBM 58/[Ribli] (40)}) 7. Nxd4 {Dieser Zug ist genügsam und
erlaubt Schwarz den Abtausch des Läufers. Das Schlagen mit dem Bauern wäre die
Hauptfortsetzung.} (7. exd4 Nc6 (7... Nf6 8. h3 Bd7 9. O-O O-O 10. Bf4 a5 11.
Qd2 Nh5 12. Bg5 f6 13. Bh4 g5 14. Nh2 Nf4 15. Bg3 Nxe2+ 16. Nxe2 f5 17. f4 h6
18. Nf3 Bf6 19. Nc3 {1-0 Ditzler,J-Gosch,M/Zuerich 1989/EXT 97 (36)}) 8. O-O
Nge7 9. d5 Bxf3 10. Bxf3 Ne5 11. Ne4 O-O 12. Be2 h6 13. f4 Nd7 14. Ng3 h5 15.
Bd3 f5 16. Re1 {1-0 Stangl,M-Serrer,C/Germany 1993/GER-chT (47)}) 7... Bxe2 8.
Ndxe2 (8. Qxe2 Ne7 $11 (8... Nc6 $11)) 8... Nf6 9. O-O O-O 10. b3 Re8 $11 {
Weiß hat dank des Pc4 einen minimalen Zentrumsvorteil. Während Weiß das Feld
d5 kontrolliert, hat Schwarz die Vorherrschaft über das Feld e4.} (10... Ne4
11. Bb2 Re8 12. Qc2 $14) (10... d5 $2 11. Ba3 (11. cxd5 Nxd5 12. Qxd5 Qxd5 13.
Nxd5 Bxa1 14. Nxc7 $16)) 11. Bb2 Na6 {[%cal Ga6c5,Gc5e4]} (11... Nbd7 12. Qc2
Nc5 $11) 12. Qc2 c6 {Mit diesem Zug verteidigt Schwarz zwar das Feld d5,
gleichzeitig aber schwächt er den Pd6.} 13. Rad1 Qc7 14. Rd2 Nc5 15. Rfd1 Rad8
{Der Pd6 ist nur theoretisch eine Schwäche - Schwarz kann ihn leicht
verteidigen.} (15... Nce4 $11) (15... Nfe4 $11) 16. Nf4 a5 $2 {[%mdl 8192]} (
16... Nfe4) {[#]} 17. Nb5 $1 $16 {Dieser Zug ist schön, aber ein Großmeister
darf so etwas auch nicht übersehen!} Qe7 (17... cxb5 18. Bxf6 Bxf6 19. Nd5 $18
{[%cal Rd5c7,Rd5f6]}) 18. Nxd6 {[%csl Gd6] Mit einer kleinen Kombination hat
Weiß den Schlüsselbauern gewonnen.} Rf8 (18... Rxd6 19. Rxd6 Nfe4 20. Bxg7 Nxd6
21. Ba1 $18 {[%csl Rg8][%cal Ga1h8]}) 19. a3 {Weiß verfolgt einen einfachen
Plan: mit b4 nebst c5 will er den Nd6 verteidigen.} Nce4 20. Bxf6 $1 {
Natürlich tauscht Weiß seinen stolzen Nd6 nicht ab.} (20. Nxe4 Nxe4 21. Rxd8
Rxd8 22. Rxd8+ Qxd8 23. Bxg7 Kxg7 $16) 20... Nxf6 21. c5 {[%csl Gd6] Der erste
Weltmeister, Wilhelm Steinitz, wäre zufrieden - er sagte seinerzeit, dass ein
gut verteidigter Springer auf der sechsten (bzw. dritten) Reihe eine Partie
entscheiden kann.} Rd7 22. h3 {Weiß hat viel Zeit, auch für diesen
Sicherungszug - Schwarz hat kein Gegenspiel.} (22. b4 $16) 22... Rfd8 23. b4
axb4 24. axb4 b6 (24... Ne8 $2 {Dieser Zug scheint logisch - Schwarz will
damit den Nd6 tauschen, doch so würde er wegen einer kleinen Kombination
verlieren.} 25. Nc8 $1 $18) 25. Qa4 bxc5 (25... b5 26. Qa6 $18) 26. bxc5 Rb8 (
26... Rc7 27. Nf5 $18) 27. Qxc6 Rc7 28. Nd5 Nxd5 29. Qxd5 $18 {Weiß hat zwei
gesunde Mehrbauern - die schwarze Stellung ist hoffnungslos.} Qe5 30. Qxe5 Bxe5
31. Rd5 Bxd6 32. cxd6 {[%mdl 4096]} Rd7 33. g4 {Weiß mobilisiert seine Bauern.}
(33. e4 f6) 33... f6 {Mit diesem Zug bereitet Schwarz Kf7-e6 vor und
verteidigt sich gegen weißen Raumgewinn durch g4-g5.} 34. Kg2 Rb6 35. f4 Kf7
36. Kf3 Ke6 37. R1d2 {Das ist das beste praktische Mittel in solchen
Stellungen - vor der Zeitkontrolle unternimmt Weiß praktisch nichts, sondern
hält mit Abwartezügen die Stellung.} (37. f5+ Kf7) 37... Ra6 (37... Rbxd6 38.
Rxd6+ Rxd6 39. Rxd6+ Kxd6 40. Ke4 $18) 38. R2d3 Rb6 39. Ke4 Ra6 40. Kf3 Rb6 41.
h4 $1 {Es droht 42.g5 mit deutlichem Raumgewinn.} Ra6 42. e4 (42. g5 f5 $18)
42... h6 43. g5 hxg5 (43... fxg5 44. hxg5 h5 45. f5+ Kf7 46. Kf4 $18) 44. hxg5
Rb6 (44... fxg5 45. Rxg5 Kf7 46. e5 $18) 45. Kg4 Rb1 46. Rd1 (46. gxf6 Kxf6 47.
e5+ Ke6) 46... Rb6 (46... Rb2 47. R5d2 $18) 47. gxf6 Kxf6 48. Rg5 {[%csl Gg5]}
Kf7 (48... Rbxd6 $2 49. e5+ $18 {[%cal Re5f6,Re5d6]}) 49. e5 Rb4 50. Re1 1-0

[Event "Interpolis"]
[Site "Tilburg"]
[Date "1992.10.14"]
[Round "3.1"]
[White "Nikolic, Predrag"]
[Black "Nogueiras Santiago, Jesus"]
[Result "1/2-1/2"]
[WhiteElo "2625"]
[BlackElo "2570"]
[Annotator "Ribli,Z"]
[PlyCount "74"]
[EventDate "1992.10.08"]
[EventType "k.o."]
[EventRounds "7"]
[EventCountry "NED"]
[SourceTitle "CBM 032"]
[Source "ChessBase"]
[SourceDate "1993.02.01"]
[SourceVersion "1"]
[SourceVersionDate "1993.02.01"]
[SourceQuality "1"]

1. d4 d6 2. Nf3 Bg4 3. g3 Bxf3 $1 4. exf3 d5 (4... e6 5. f4 c6 6. Bg2 g6 7. Nd2
Bg7 8. c3 Nd7 9. a4 Ne7 10. O-O O-O $13 {Polugaevsky,L-Miles,A Biel-A 1990 CBM/
19}) 5. c3 (5. f4 e6 6. Bg2 c6 7. O-O Bd6 8. b3 Ne7 9. c4 Nf5 10. Bb2 $10 {
Eingorn,V-Watson,W Reykjavik 1989 CBM/13}) 5... e6 6. Nd2 Bd6 7. Bd3 (7. Bg2 $5
) 7... Ne7 8. O-O O-O 9. Qc2 h6 10. f4 Nd7 $13 11. Nf3 c5 12. Qe2 a6 13. dxc5
Nxc5 14. Bc2 Qc7 15. Be3 Rfe8 16. Rfd1 Nd7 17. Rac1 Rac8 18. c4 $2 (18. Bd3)
18... dxc4 19. f5 Nxf5 20. Bxf5 exf5 21. Qd2 Ne5 $1 22. Qxd6 Nxf3+ 23. Kg2 Ne1+
$1 $19 24. Kf1 Qxd6 25. Rxd6 Nd3 26. Rc2 Nb4 27. Rcd2 Nxa2 28. Rb6 Re7 29. Rc2
a5 30. Rb5 Nb4 31. Rd2 Nc6 32. Rc2 Ne5 33. Rxa5 Ng4 34. Bf4 Nxh2+ (34... g5 $19
) 35. Kg2 Ng4 36. Rxf5 g5 $4 37. Bxg5 hxg5 1/2-1/2

[Event "Orel"]
[Site "Orel"]
[Date "1995.??.??"]
[Round "2"]
[White "Pushkov, Nikolai"]
[Black "Savon, Vladimir A"]
[Result "1-0"]
[WhiteElo "2505"]
[BlackElo "2390"]
[Annotator "Ribli,Z"]
[PlyCount "51"]
[EventDate "1995.??.??"]
[EventType "tourn"]
[EventRounds "9"]
[EventCountry "RUS"]
[EventCategory "10"]
[SourceTitle "CBM 048"]
[Source "ChessBase"]
[SourceDate "1995.10.01"]
[SourceVersion "1"]
[SourceVersionDate "1995.10.01"]
[SourceQuality "1"]

1. Nf3 {King Giese} d6 2. d4 Bg4 3. c4 Bxf3 4. gxf3 {Man spielt 4.exf3 oefter.}
g6 5. h4 $5 {Dieser interessante neue Versuch hat zwei Ziele: 1.Droht /\ h5
die schwarze Koenigstellung. 2.Vorbereitet den Bh3 Zug.} (5. Nc3 Bg7 6. f4 Nc6
7. e3 (7. d5 $5) 7... e5 8. fxe5 dxe5 9. d5 Nce7 10. c5 Nf6 $13 {Schussler,
H-Agrest,E/Sverige/1994/INF60,(53)/}) 5... Nf6 6. Qb3 Qc8 7. Bh3 $1 Nbd7 8. Nc3
c6 9. Bg5 $1 Bg7 10. O-O-O $1 {Alle weisse Figuren stehen optimal.} Qc7 (10...
O-O 11. h5 $1 $40) 11. Kb1 Qb6 12. Qc2 {Natuerlich soll der Anziehende die Q
behalten.} O-O {King A horrible move. A classic case of castling into it.
Instead Qside evacuation suggests itself: 12...0-0-0, and 13...Kb8.} 13. h5 $1
{Nun rollt der weisse Angriff.  King White switches onto auto-pilot.} Rad8 14.
hxg6 hxg6 (14... fxg6 $4 15. Be6+ Kh8 16. Qxg6 $18) 15. Ne4 Qa5 $6 (15... d5
16. c5 Qa5 17. Nxf6+ Nxf6 18. Rdg1 $40) 16. Rdg1 d5 17. Nxf6+ Nxf6 (17... exf6
18. Bd2 Qc7 19. Rxg6 $1 fxg6 20. Be6+ Rf7 21. Qxg6 Nf8 (21... Rdf8 22. Rh7 $18)
22. Bxf7+ Qxf7 23. Rh8+ $1 Kxh8 24. Qxf7 $18) 18. Bxf6 exf6 (18... Bxf6 19.
Rxg6+ fxg6 (19... Bg7 {Giese, Fritz3} 20. Rxg7+ Kxg7 21. Rg1+ Kh6 22. Qc1+ $18)
20. Qxg6+ Bg7 21. Be6+ $18) 19. Rxg6 $1 {[%cal Gh1h8,Rh3e6] Diese kleine, aber
huebsche Kombination entscheidet die positonell gut angelegte Partie.} fxg6 (
19... Rfe8 $5 {Giese} 20. Rg2 {[%cal Gg2g7,Yh1g1]} Kf8 21. Bf5 {[%csl Rg7]
[%cal Gh1h8]} Qc7 (21... dxc4 22. Rhg1 Rxd4 23. Rxg7 Rd2 24. Rg8+ Ke7 25. Qe4+
$18) 22. Qc1 $1 $18 {[%cal Gc1h6,Rg2g7]}) 20. Be6+ Rf7 21. Qxg6 Qc7 (21... Rdd7
22. Bxd7 Rxd7 23. Qe8+ $18) (21... Rdf8 22. Qh7# {Giese}) 22. Bxf7+ Kf8 (22...
Qxf7 23. Rh8+ {[%csl Rf7]} Kxh8 24. Qxf7 $18) 23. Be6 dxc4 (23... Re8 {Giese}
24. cxd5 cxd5 25. Bxd5 Rxe2 26. Qh7 {[%csl Rg7][%cal Gd5g8]} Ke8 27. Qg8+ Bf8
28. Bc4 $18 {[%cal Yc4b5]}) 24. Qh7 {[%csl Rg7][%cal Ge6g8]} Qf4 (24... Rxd4 {
Giese} 25. Qg8+ $18) 25. Rg1 Ke7 {[%csl Re6]} (25... Qh6 {Giese} 26. Qg8+ Ke7
27. Rxg7+ $18) 26. Bxc4 {[%csl Rg7] Diese Partie war ein K.O.} 1-0

[Event "GER-ch"]
[Site "Bad Neuenahr"]
[Date "1991.??.??"]
[Round "4"]
[White "Schuh, Hubert"]
[Black "Hort, Vlastimil"]
[Result "0-1"]
[WhiteElo "2375"]
[BlackElo "2540"]
[Annotator "Ribli,Z"]
[PlyCount "114"]
[EventDate "1991.06.??"]
[EventType "tourn"]
[EventRounds "15"]
[EventCountry "GER"]
[EventCategory "7"]
[SourceTitle "CBM 024"]
[Source "ChessBase"]
[SourceDate "1991.10.01"]
[SourceVersion "1"]
[SourceVersionDate "1991.10.01"]
[SourceQuality "1"]

1. d4 d6 2. c4 e5 3. dxe5 dxe5 4. Qxd8+ Kxd8 5. Nf3 Nc6 (5... f6 6. Nc3 Na6 $6
(6... Be6 7. b3 c6 8. Bb2 Nd7 9. g3 Kc7 10. Bg2 Nh6 11. O-O a5 $10 {Tisdall,
J-Hodgson,Ju Reykjavik 1989 CBM/13}) 7. Bd2 Be6 8. e3 Nc5 9. O-O-O Nh6 10. Rg1
a5 11. e4 $14 {Meulders-Hort Haifa 1989 48/(67)}) 6. Nc3 Be6 7. e3 f6 8. Bd2 a5
9. Be2 Nh6 10. O-O Nf7 11. Rfd1 Kc8 12. Be1 a4 13. b3 axb3 14. axb3 Rxa1 15.
Rxa1 Kb8 16. Nd5 Bd6 17. Bc3 Rd8 18. Rd1 Bf8 19. Ne1 Ne7 20. Nxe7 Bxe7 21.
Rxd8+ Nxd8 22. Bd3 g6 23. Kf1 Nc6 24. Nc2 b6 25. f3 Na5 26. Na1 Nb7 27. Kf2 Nc5
28. Be2 Bd6 29. h4 f5 30. g3 Kb7 31. Bd1 h5 32. Bc2 c6 33. g4 e4 34. gxh5 gxh5
35. Bf6 b5 36. cxb5 cxb5 37. Ke2 exf3+ 38. Kxf3 Bd5+ 39. Ke2 Ne4 40. Bd4 Be7
41. Be5 Bxh4 42. Bd3 Kb6 43. Nc2 Bxb3 44. Nd4 Bc4 45. Nxf5 Bd8 46. Nd4 Bf6 47.
Bxc4 bxc4 48. Bxf6 Nxf6 49. Kf3 Kc5 50. Nc2 Nd5 51. e4 Nb4 52. Ne3 Nd3 53. Kg3
c3 54. Kh4 Kd4 55. Nc2+ Kxe4 56. Kxh5 Nc5 57. Kg5 Kd3 0-1